| 000 | 00341nam a22001457a 4500 | ||
|---|---|---|---|
| 003 | SGT | ||
| 082 |
_a617.643 _bC21S |
||
| 100 | _aShah, Palak | ||
| 245 | _aA comparative evaluation of changes... | ||
| 260 |
_aGurugram, Haryana _bSGT University _c2021 |
||
| 300 | _a86 | ||
| 650 | _aOrthodontics | ||
| 653 | _aOrthodontics | ||
| 942 |
_2ddc _cTH |
||
| 999 |
_c23583 _d23583 |
||